00325 2200133 4500001002100000005001500021035002000036245005000056300000800106260004500114082000800159084001200167990001200179INLIS00000000000239420250528120104 a0010-0525000686 aSemua Beres Kalo Ada Emil /cAstrid Lind Gren a324 aJakarta :bGramedia Pustaka Utama,c2003 a813 a813 SEM a0713414